Menón
Guardado en:
| Autor principal: | |
|---|---|
| Otros Autores: | |
| Formato: | Libro |
| Lenguaje: | español |
| Publicado: |
Ciudad de México
Universidad Nacional Autónoma de México
1986
|
| Edición: | 2a. ed |
| Colección: | Biblioteca Sriptorum Graecorum et Romanorum Mexicana
|
| Materias: | |
| Etiquetas: |
Agregar Etiqueta
Sin Etiquetas, Sea el primero en etiquetar este registro!
|
MARC
| LEADER | 00000nam a2200000 a 4500 | ||
|---|---|---|---|
| 001 | UCX0447 | ||
| 003 | CL-VaPUC | ||
| 005 | 20211029094021.0 | ||
| 008 | 891019e19860000MX |||||||||||||||||spa|d | ||
| 999 | |c 222049 |d 222047 | ||
| 040 | |c Pontificia Universidad Católica de Valparaíso | ||
| 082 | 0 | 4 | |a 184 |b PLA |2 21 |
| 100 | 0 | |a Platón |e author |9 222 | |
| 245 | 1 | 0 | |a Menón |
| 250 | |a 2a. ed | ||
| 260 | |a Ciudad de México |b Universidad Nacional Autónoma de México |c 1986 | ||
| 300 | |a 43 p | ||
| 490 | 0 | |a Biblioteca Sriptorum Graecorum et Romanorum Mexicana | |
| 583 | |a last modification |c 19891019 00:00:00 |k Rodrigo Vera | ||
| 600 | 0 | 7 | |a PLATON |2 CL-VaPUC |9 222 |
| 700 | 1 | |a Schmidt Ozmanczik, Ute |e traductor |9 863906 | |
| 942 | |c BK |2 ddc | ||
| 945 | |d 19891019 00:00:00 | ||
| 952 | |0 0 |1 0 |4 0 |6 184_000000000000000_PLA_1986 |7 0 |8 R |9 216229 |a BIBEDU |b BIBEDU |c MCIRC |d 2019-11-15 |i 2848287 |o 184 PLA 1986 |p 2848287 |r 2023-01-13 |w 2019-11-15 |y BK_R |k FIL | ||
| 952 | |0 0 |1 0 |4 0 |6 184_000000000000000_PLA_1986 |7 0 |8 R |9 216230 |a BIBEDU |b BIBEDU |c MCIRC |d 2019-11-15 |i 2848295 |l 2 |m 1 |o 184 PLA 1986 |p 2848295 |r 2024-05-28 |s 2024-05-23 |w 2019-11-15 |y BK_R |k FIL | ||